00793cam a22002537a 4500003000500000005001700005008004100022010001000063011001000073020001500083035001100098040000900109082002100118110000800139245009800147260002400245300001200269490007900281650003100360650002200391650002700413700002000440830007900460CHAP20220817044005.0050209d2003 it rn 00110 spa d a89527 a90499 a9253049626 a101055 cCHAP04a338.9bF44y v.452 aFAO10aIntegración regional y seguridad alimentaria en países en desarrolloc/ por Alan Matthews aRoma :bFAO,c2003. a83 p. : 0aFAO. Materiales de capacitación para la planificación agrícolav; 4514aAlimentosxAbastecimiento.14aDesarrollo rural.14aPlaneación regional.0 aMatthews, Alan. 0aFAO. Materiales de capacitación para la planificación agrícolav; 45